000 00282nam a2200133Ia 4500
008 140130s9999 xx 000 0 und d
245 _cMo Willems
_aKnuffle bunny
260 _bScholastic,
_c2004
300 _a32
440 _v1
521 _aBR
942 _cBK
999 _c39841
_d39841